Music Quiz

Random Music or Album Quiz

Sammy hagar Quiz Stats

Quiz not verified by Sporcle

Challenge
Share
Tweet
Embed
Score 0/168 Timer 15:00
0 Plays Today
album song % Correct
The Red Album'Red'
84.6%
VOA 'I Can't Drive 55'
84.6%
Three Lock Box'Three Lock Box'
80%
Standing Hampton'There's Only One Way to Rock'
70.8%
Marching to Mars'Marching to Mars'
66.2%
Red Voodoo'Mas Tequila'
66.2%
Standing Hampton'Heavy Metal'
64.6%
VOA 'VOA'
64.6%
I Never Said Goodbye'Eagles Fly'
64.6%
Danger Zone'Danger Zone'
60%
I Never Said Goodbye'Give to Live'
56.9%
VOA 'Two Sides of Love'
55.4%
Ten 13'Ten 13'
55.4%
Red Voodoo'Red Voodoo'
53.8%
Marching to Mars'Little White Lie'
52.3%
Three Lock Box'Your Love Is Driving Me Crazy'
50.8%
Not 4 Sale 'Not 4 Sale'
49.2%
VOA 'Dick in the Dirt'
47.7%
Cosmic Universal Fashion'Cosmic Universal Fashion'
47.7%
Standing Hampton'I'll Fall in Love Again'
41.5%
Red Voodoo'The Love'
41.5%
The Red Album'Cruisin' & Boozin''
38.5%
Chickenfoot 'Soap on a Rope'
38.5%
I Never Said Goodbye'When the Hammer Falls'
36.9%
Livin' It Up!'Mexico'
36.9%
Chickenfoot 'Oh Yeah'
36.9%
Three Lock Box'Remember the Heroes'
35.4%
Chickenfoot 'Sexy Little Thing'
35.4%
The Red Album'Rock 'N' Roll Weekend'
33.8%
Standing Hampton'Baby's on Fire'
33.8%
Standing Hampton'Piece of My Heart'
33.8%
Marching to Mars'Kama'
33.8%
Ten 13'Tropic of Capricorn'
33.8%
Not 4 Sale 'Stand Up'
33.8%
Livin' It Up!'I Love This Bar'
33.8%
Cosmic Universal Fashion'Dreams
33.8%
Nine On A Ten Scale'Flamingos Fly'
32.3%
Danger Zone'Love Or Money'
32.3%
Danger Zone'The Iceman'
32.3%
Three Lock Box'In the Room'
32.3%
Three Lock Box'Rise of the Animal'
32.3%
Three Lock Box'I Don't Need Love'
32.3%
I Never Said Goodbye 'Hands and Knees'
32.3%
I Never Said Goodbye'Boys' Night Out'
32.3%
Red Voodoo'Shag'
32.3%
Ten 13'Let Sally Drive'
32.3%
Street Machine 'Plain Jane'
30.8%
Not 4 Sale 'Hallelujah'
30.8%
Livin' It Up!'Sam I Am'
30.8%
Musical Chairs'Turn Up the Music'
29.2%
Musical Chairs'Reckless'
29.2%
Three Lock Box'Remote Love'
29.2%
I Never Said Goodbye'Returning Home'
29.2%
Marching to Mars'On the Other Hand'
29.2%
Marching to Mars'Both Sides Now'
29.2%
Marching to Mars'Amnesty Is Granted'
29.2%
album song % Correct
Red Voodoo'Sympathy for the Human'
29.2%
Red Voodoo'The Revival'
29.2%
Ten 13'Protection'
29.2%
Not 4 Sale 'Halfway to Memphis'
29.2%
Livin' It Up!'Halfway to Memphis'
29.2%
Nine On A Ten Scale'Keep On Rockin''
27.7%
Nine On A Ten Scale'Urban Guerilla'
27.7%
The Red Album'The Pits'
27.7%
Danger Zone'Mommy Says, Daddy Says'
27.7%
Standing Hampton'Sweet Hitchhiker'
27.7%
VOA 'Rock Is in My Blood'
27.7%
I Never Said Goodbye'Standin' at the Same Old Crossroads'
27.7%
I Never Said Goodbye'Back Into You'
27.7%
Marching to Mars'Salvation on Sand Hill'
27.7%
Marching to Mars'Leaving the Warmth of the Womb'
27.7%
Marching to Mars'Who Has the Right?'
27.7%
Red Voodoo'High and Dry Again'
27.7%
Red Voodoo'Lay Your Hand on Me'
27.7%
Ten 13'The Real Deal'
27.7%
Not 4 Sale 'Whole Lotta Zep'
27.7%
Nine On A Ten Scale'Silver Lights'
26.2%
Nine On A Ten Scale'Rock 'n' Roll Romeo'
26.2%
Musical Chairs'You Make Me Crazy'
26.2%
Danger Zone'Run For Your Life'
26.2%
Standing Hampton'Surrender'
26.2%
Three Lock Box'Never Give Up'
26.2%
Three Lock Box'Growing Up'
26.2%
I Never Said Goodbye'Privacy'
26.2%
Marching to Mars'Would You Do It for Free?'
26.2%
Red Voodoo'Don't Fight It (Feel It)'
26.2%
Red Voodoo'Right on Right'
26.2%
Red Voodoo'Returning of the Wish'
26.2%
Ten 13'Shaka Doobie (The Limit)'
26.2%
Ten 13'The Message'
26.2%
Ten 13'Deeper Kinda Love'
26.2%
Ten 13'A Little Bit More'
26.2%
Ten 13'3 in the Middle'
26.2%
Not 4 Sale 'Things've Changed'
26.2%
Not 4 Sale 'The Big Nail'
26.2%
Not 4 Sale 'Make It Alright'
26.2%
Not 4 Sale 'The Big Square Inch'
26.2%
Not 4 Sale 'Karma Wheel'
26.2%
Nine On A Ten Scale 'China'
24.6%
The Red Album'Growing Pains'
24.6%
Street Machine 'Growing Pains'
24.6%
Street Machine 'Child to Man'
24.6%
Street Machine 'Trans Am (Highway Wonderland)'
24.6%
Street Machine 'This Planet's on Fire (Burn in Hell)'
24.6%
Street Machine 'Falling in Love'
24.6%
Danger Zone'Bad Reputation'
24.6%
Danger Zone'Heartbeat'
24.6%
Standing Hampton'Can't Get Loose'
24.6%
Standing Hampton'Baby, It's You'
24.6%
Three Lock Box'I Wouldn't Change a Thing'
24.6%
VOA 'Swept Away'
24.6%
Marching to Mars'The Yogi's So High (I'm Stoned)'
24.6%
album song % Correct
Ten 13'Serious Juju'
24.6%
Livin' It Up!'Living on a Coastline'
24.6%
Cosmic Universal Fashion'Peephole'
24.6%
Nine On A Ten Scale'Young Girl Blues'
23.1%
The Red Album'Catch The Wind'
23.1%
The Red Album'Hungry'
23.1%
Street Machine 'Feels Like Love'
23.1%
Street Machine 'Never Say Die'
23.1%
Street Machine 'Wounded in Love'
23.1%
Street Machine 'Straight to the Top'
23.1%
Street Machine 'Miles from Boredom'
23.1%
Danger Zone '20th Century Man'
23.1%
Danger Zone'Miles From Boredom'
23.1%
Standing Hampton'Inside Lookin' In'
23.1%
VOA 'Don't Make Me Wait'
23.1%
VOA 'Burnin' Down the City'
23.1%
Livin' It Up!'The Way We Live'
23.1%
Livin' It Up!'One Sip'
23.1%
Livin' It Up!'Sailin''
23.1%
Livin' It Up!'Let Me Take You There'
23.1%
Cosmic Universal Fashion 'Psycho Vertigo'
23.1%
Cosmic Universal Fashion'LOUD'
23.1%
Nine On A Ten Scale'All American'
21.5%
Nine On A Ten Scale'Confession (Please Come Back)'
21.5%
The Red Album'Free Money'
21.5%
The Red Album'Fillmore Shuffle'
21.5%
The Red Album'Love Has Found Me'
21.5%
The Red Album'Little Star
21.5%
Musical Chairs'Try (Try to Fall in Love)'
21.5%
Danger Zone'In The Night (Entering The Danger Zone)'
21.5%
I Never Said Goodbye'What They Gonna Say Now'
21.5%
Livin' It Up!'Someday'
21.5%
Chickenfoot 'Down the Drain'
21.5%
Chickenfoot 'Turnin' Left'
21.5%
Musical Chairs'It's Gonna Be All Right'
20%
Musical Chairs'Don't Stop Me Now'
20%
Musical Chairs'Straight from the Hip Kid'
20%
Musical Chairs'Hey Boys'
20%
Musical Chairs'Someone Out There'
20%
Musical Chairs'Crack in the World'
20%
Marching to Mars'Ether'
20%
Cosmic Universal Fashion'Fight for Your Right to Party'
20%
Cosmic Universal Fashion'Switch on the Light'
20%
Cosmic Universal Fashion'24365'
20%
Chickenfoot 'Runnin' Out'
20%
Chickenfoot 'Get It Up'
20%
Chickenfoot 'My Kinda Girl'
20%
Chickenfoot 'Learning to Fall'
20%
Chickenfoot 'Future In the Past'
20%
Musical Chairs'(Sittin' On) The Dock of the Bay'
18.5%
Marching to Mars'Wash Me Down Again'
18.5%
Livin' It Up!'Rainy Day Women #12
18.5%
Cosmic Universal Fashion'I'm on a Roll'
18.5%
Chickenfoot 'Avenida Revolucion'
18.5%
Cosmic Universal Fashion'When the Sun Don't Shine'
16.9%
Chickenfoot 'Bitten By the Wolf'
15.4%

You're not logged in!

Compare scores with friends on all Sporcle quizzes.
Join for Free
OR
Log In

You Might Also Like...

Show Comments

Extras

Top Quizzes Today


Score Distribution

Your Account Isn't Verified!

In order to create a playlist on Sporcle, you need to verify the email address you used during registration. Go to your Sporcle Settings to finish the process.

Report this User

Report this user for behavior that violates our Community Guidelines.

Details: